LDR 01145naa#a2200181#i#450# 001 RU\\bibl\20302 005 20260702061259.4 100 ## _a20260630b2026####ek#y0rusy0150####ca 102 ## _aRU 200 1# _aМЕТОДЫ ФОРМИРОВАНИЯ ЭНЕРГОЭФФЕКТИВНЫХ ПРИЗНАКОВЫХ ОПИСАНИЙ АКУСТИКО-ВИБРАЦИОННЫХ СИГНАЛОВ НА БАЗЕ АППАРАТНОЙ ПРЕДОБРАБОТКИ В СИСТЕМАХ МИНИАТЮРНОГО МАШИННОГО ОБУЧЕНИЯ _eСтатья/тезисы конференции 210 1# _aВоронеж _cВоронежский государственный лесотехнический университет имени Г.Ф. Морозова _d2026 215 ## _a10 с. 608 ## _aСтатья/тезисы конференции _2local 675 ## _aИнформационные технологии. Компьютерные технологии. Теория вычислительных машин и систем. 004 _z 700 #1 _aЛемза _gС. А. 700 #1 _aДенисова _gО. А. 700 #1 _aСмерек _gВ. А. 856 4# _abibl.vgltu.ru _u